Statistics for Logic Puzzle - Categories

Click here to take the quiz!

General Stats

  • This quiz has been taken 53 times
  • The average score is 6 of 12

Answer Stats

QuestionAnswer% Correct
There are five tricky questions on this quiz. But what is this question?Tricky
65%
Questions 1, 2, and 3 are all different. But what is this question?Tough
58%
This question is neither tricky nor quizzical. So what is this question?Dodgy
56%
There are as many tough questions as there are dodgy questions. But what is this question?Dodgy
53%
Quizzical questions are never followed by tricky questions. But what is this question?Quizzical
53%
At some point, there are three tough questions in a row. But what is this question?Tricky
53%
One type of question appears only once on this quiz. But what is this question?Tough
51%
There are no tough questions in the first half of the quiz. But what is this question?Tough
51%
Dodgy questions are always followed by tricky questions. What is this question?Tricky
51%
This is not a dodgy question and neither was the last question. So what is this question?Tricky
51%
There are no quizzical questions in the last half of the quiz. But what is this question?Tricky
49%
This not a tough question. So what is this question?Dodgy
47%

Score Distribution

Percentile by Number Answered

Percent of People with Each Score

Your Score History

You have not taken this quiz